| 000 | 00747nam a2200253 a 4500 | ||
|---|---|---|---|
| 001 | BRL_1840 | ||
| 005 | 20190320211407.0 | ||
| 008 | 070815s1989----mx-a######---#000-0#spa-# | ||
| 020 | _a9684980450 | ||
| 041 | _aspa | ||
| 044 | _amx | ||
| 050 | 4 |
_aE58 _b.C37 1989 |
|
| 100 | 1 |
_aCarmona Macías, Martha _928020 |
|
| 245 | 1 | 0 |
_aEl origen del hombre en América _ctexto, Martha Carmona Macías ; fotografías, Silvia Gómez Tagle. |
| 260 |
_aMéxico _bGarcía Valadés Editores _c1989 |
||
| 300 |
_a[40] p. _bil. _c26 cm. |
||
| 500 | _aAu2096 | ||
| 504 | _aBibliografía: p. 39-40 | ||
| 650 | 1 | 4 |
_aHombre _xOrigen _916653 |
| 651 | 4 |
_aAmérica _xAntigüedades _99854 |
|
| 700 | 1 |
_aGómez Tagle, Silvia _928021 |
|
| 902 | _aGRL | ||
| 942 |
_2lcc _cB |
||
| 999 |
_c10648 _d10648 |
||